[Event "40 Nezhmetdinov Memorial"]
[Site "Kazan"]
[Date "2018.09.17"]
[Round "5.23"]
[White "Kalegin, Evgenij"]
[Black "Zhitnikov, Konstantin"]
[Result "1-0"]
[WhiteElo "2433"]
[BlackElo "2247"]
[PlyCount "117"]
[EventDate "2018.09.13"]

1. e4 c6 2. d4 d5 3. Nc3 dxe4 4. Nxe4 Bf5 5. Ng3 Bg6 6. Nf3 Nd7 7. h4 h6 8. h5
Bh7 9. Bd3 Bxd3 10. Qxd3 e6 11. Bd2 Ngf6 12. O-O-O Be7 13. Kb1 O-O 14. Ne4 Nxe4
15. Qxe4 Nf6 16. Qe2 Qd5 17. Ne5 Qe4 18. Qxe4 Nxe4 19. Be1 c5 20. f3 Nf6 21.
Bf2 Rac8 22. c4 Bd6 23. b3 Rfd8 24. g4 a6 25. Rhe1 Bb8 26. a4 Kf8 27. Rd3 cxd4
28. Rxd4 Rxd4 29. Bxd4 Rd8 30. Bb6 Rd2 31. Kc1 Rg2 32. Nd3 Nd7 33. Bd4 Bg3 34.
Rg1 Rxg1+ 35. Bxg1 g6 36. Nc5 Bf4+ 37. Kc2 Nxc5 38. Bxc5+ Ke8 39. b4 gxh5 40.
gxh5 Kd7 41. b5 f5 42. Kd3 Kc7 43. Kd4 b6 44. Bf8 axb5 45. cxb5 Kd7 46. Bb4 Kc7
47. a5 bxa5 48. Bxa5+ Kd6 49. Bb4+ Kc7 50. Bf8 Kb6 51. Kc4 Kc7 52. Bc5 Kb7 53.
Bf2 Kc7 54. Kb4 Kb7 55. Kc5 Kc7 56. Bg1 e5 57. Kd5 e4 58. fxe4 fxe4 59. Kxe4
1-0

[Event "40 Nezhmetdinov Memorial"]
[Site "Kazan"]
[Date "2018.09.17"]
[Round "5.24"]
[White "Sadykov, Ramil"]
[Black "Filippova, Margarita"]
[Result "1-0"]
[WhiteElo "2364"]
[BlackElo "2103"]
[PlyCount "79"]
[EventDate "2018.09.13"]

1. e4 e5 2. Nf3 Nc6 3. Bb5 Nf6 4. d3 Bc5 5. O-O d6 6. c3 O-O 7. Re1 a6 8. Bxc6
bxc6 9. d4 Ba7 10. h3 d5 11. Bg5 dxe4 12. Nxe5 Qd6 13. Nd2 Bf5 14. Bxf6 gxf6
15. Ng4 Kh8 16. Nh6 Bg6 17. Nxe4 Qf4 18. Qd2 Qh4 19. Ng3 Qg5 20. Qxg5 fxg5 21.
Nhf5 c5 22. d5 c4 23. Re4 h5 24. h4 Rab8 25. Rxc4 Rxb2 26. Rf1 Rd8 27. Rxc7 Bb6
28. Rc6 gxh4 29. Nxh4 Bd3 30. Nhf5 Bxf1 31. Rh6+ Kg8 32. Ne4 f6 33. Kxf1 Rb1+
34. Ke2 Re8 35. Kf3 Re5 36. Kf4 Re1 37. Nxf6+ Kf7 38. Kg5 Bxf2 39. Rh7+ Kf8 40.
Kg6 1-0

[Event "40 Nezhmetdinov Memorial"]
[Site "Kazan"]
[Date "2018.09.17"]
[Round "5.25"]
[White "Safin, Robert"]
[Black "Gubajdullin, Alexei"]
[Result "0-1"]
[WhiteElo "2098"]
[BlackElo "2358"]
[PlyCount "110"]
[EventDate "2018.09.13"]

1. d4 d5 2. Nf3 Bf5 3. c4 e6 4. g3 c6 5. Bg2 Nd7 6. b3 Bb4+ 7. Bd2 Bd6 8. O-O
h6 9. Nc3 Ngf6 10. Re1 O-O 11. Qc1 Qe7 12. c5 Bc7 13. Bf4 e5 14. Nxe5 Nxe5 15.
Bxe5 Bxe5 16. dxe5 Qxe5 17. Qd2 d4 18. Na4 Rfe8 19. Rad1 Rad8 20. Qb4 Rd7 21.
Nb2 Ne4 22. Nd3 Qf6 23. Bxe4 Rxe4 24. Rd2 Rde7 25. f3 Re3 26. Nf4 d3 27. Nxd3
Bxd3 28. Rxd3 Rxe2 29. Rd8+ Kh7 30. Rxe2 Rxe2 31. Qd4 Qe7 32. Qd3+ g6 33. Qd4
Re5 34. Kg2 Qxc5 35. Qxc5 Rxc5 36. Rd7 Kg7 37. a4 Rc2+ 38. Kh3 b5 39. Rxa7 Rb2
40. Rc7 Rxb3 41. a5 Ra3 42. Rxc6 Rxa5 43. Rb6 h5 44. Rb7 g5 45. Rb6 f6 46. Rb7+
Kg6 47. Rb8 Kf5 48. Rb7 Ke5 49. Rb6 f5 50. Rb8 Kd4 51. Rd8+ Kc4 52. Rc8+ Kb3
53. Rc5 Ka4 54. f4 g4+ 55. Kh4 b4 0-1

[Event "40 Nezhmetdinov Memorial"]
[Site "Kazan"]
[Date "2018.09.17"]
[Round "5.26"]
[White "Khazieva, Elza"]
[Black "Mukhutdinov, Tigran"]
[Result "0-1"]
[WhiteElo "2083"]
[BlackElo "2273"]
[PlyCount "134"]
[EventDate "2018.09.13"]

1. c4 e5 2. Nc3 Bb4 3. Nd5 Na6 4. Nxb4 Nxb4 5. Nf3 e4 6. Nd4 Nf6 7. g3 O-O 8.
Bg2 d5 9. cxd5 Qxd5 10. Nc2 Nxa2 11. Ne3 Qe6 12. O-O Bd7 13. d3 Nxc1 14. Rxc1
Bc6 15. dxe4 Nxe4 16. Qc2 Rac8 17. Rfd1 Rfe8 18. Nc4 Nf6 19. Bxc6 Qxc6 20. Qb3
Qa6 21. Qf3 Qb5 22. Rd3 b6 23. Qb7 Qc5 24. b4 Qg5 25. Rcd1 g6 26. Rf3 Kg7 27.
Ne3 Qe5 28. Qxa7 Ne4 29. h4 Red8 30. Rc1 Nd2 31. Rf4 Nb3 32. Rb1 Nd4 33. Qa6 b5
34. Qa2 Ne6 35. Ng4 Qc3 36. Rf3 Qd4 37. Ne3 Kg8 38. Qc2 Qd2 39. Qxd2 Rxd2 40.
Ng4 Rxe2 41. Nh6+ Kg7 42. Kf1 Kxh6 43. Kxe2 Nd4+ 44. Ke3 Nxf3 45. Kxf3 c5 46.
bxc5 Rxc5 47. Ke4 Kg7 48. Rb2 h5 49. Kd4 Rf5 50. Rc2 Kf6 51. Rc6+ Ke7 52. Rc2
Kd6 53. f4 Rd5+ 54. Ke4 Rc5 55. Rd2+ Kc6 56. Ra2 Rc3 57. Ra6+ Kc5 58. Rf6 Rxg3
59. Rxf7 Rg4 60. Rc7+ Kb6 61. Rd7 Ka5 62. Rd6 Ka4 63. Ra6+ Kb3 64. Ke5 b4 65.
Rb6 Kc3 66. Rc6+ Kb2 67. Ke4 b3 0-1

[Event "40 Nezhmetdinov Memorial"]
[Site "Kazan"]
[Date "2018.09.17"]
[Round "5.27"]
[White "Asatryan, Gor"]
[Black "Skatchkov, Valery"]
[Result "1/2-1/2"]
[WhiteElo "2072"]
[BlackElo "2253"]
[PlyCount "67"]
[EventDate "2018.09.13"]

1. e4 c5 2. Nf3 d6 3. Nc3 Nf6 4. d4 cxd4 5. Nxd4 a6 6. Bg5 Nbd7 7. f4 h6 8.
Bxf6 Nxf6 9. f5 b5 10. Qf3 Bb7 11. Bd3 Qb6 12. O-O-O Nd7 13. Nd5 Bxd5 14. exd5
Qxd4 15. Bxb5 Qb6 16. Bc6 Rb8 17. b3 Kd8 18. Rhe1 Ne5 19. Rxe5 dxe5 20. Qh5 g6
21. fxg6 Qe3+ 22. Kb1 Rb4 23. Qf5 Qa7 24. c3 Rf4 25. Qxe5 Rf6 26. d6 Rxd6 27.
Rxd6+ exd6 28. Qe8+ Kc7 29. Qxf7+ Kb8 30. Qe8+ Kc7 31. Qf7+ Kb8 32. Qe8+ Kc7
33. Qf7+ Kb8 34. Qe8+ 1/2-1/2

[Event "40 Nezhmetdinov Memorial"]
[Site "Kazan"]
[Date "2018.09.17"]
[Round "5.28"]
[White "Volkov, Roman"]
[Black "Bogdanov, Nikita"]
[Result "0-1"]
[WhiteElo "2065"]
[BlackElo "2244"]
[PlyCount "118"]
[EventDate "2018.09.13"]

1. e4 c6 2. d4 d5 3. Nd2 dxe4 4. Nxe4 Nd7 5. Ng5 Ngf6 6. Bd3 e6 7. N1f3 Bd6 8.
Qe2 h6 9. Ne4 Nxe4 10. Qxe4 Nf6 11. Qe2 b6 12. Bd2 Qc7 13. Ne5 Bb7 14. f4 O-O-O
15. O-O c5 16. a4 cxd4 17. a5 Kb8 18. axb6 axb6 19. Ra4 g5 20. Rc4 Qe7 21. fxg5
Nd7 22. Nc6+ Bxc6 23. Rxc6 hxg5 24. g3 Rc8 25. Be4 Rxc6 26. Bxc6 Ne5 27. Bg2 g4
28. Bf4 Nf3+ 29. Bxf3 gxf3 30. Bxd6+ Qxd6 31. Qxf3 f5 32. Ra1 Rc8 33. Ra8+ Kc7
34. Ra7+ Kd8 35. Qh5 Rc7 36. Ra8+ Ke7 37. Qg5+ Kf7 38. Rh8 Re7 39. Qh6 Rc7 40.
Rh7+ Kg8 41. Qg6+ Kf8 42. Rh8+ Ke7 43. Re8+ Kd7 44. Qh5 d3 45. Rg8 Qd4+ 46. Kf1
dxc2 47. Qe8+ Kd6 48. Qd8+ Rd7 49. Qb8+ Kd5 50. Qa8+ Ke5 51. Qb8+ Rd6 52. Rc8
Qd1+ 53. Kf2 c1=Q 54. Rxc1 Qxc1 55. Kf3 Qh1+ 56. Ke3 Qe4+ 57. Kf2 Qd4+ 58. Kf3
Qd3+ 59. Kf2 Ke4 0-1

[Event "40 Nezhmetdinov Memorial"]
[Site "Kazan"]
[Date "2018.09.17"]
[Round "5.29"]
[White "Shafigullina, Zarina"]
[Black "Yadigarov, Aivaz"]
[Result "1/2-1/2"]
[WhiteElo "2242"]
[BlackElo "1789"]
[PlyCount "97"]
[EventDate "2018.09.13"]

1. c4 Nf6 2. Nf3 g6 3. g3 Bg7 4. Bg2 O-O 5. Nc3 d6 6. d4 Nc6 7. O-O e5 8. d5
Nb8 9. Ne1 a5 10. Nd3 Na6 11. f4 exf4 12. Bxf4 Re8 13. Qd2 Bf5 14. Bg5 Qd7 15.
Qf4 Nh5 16. Qf2 Nb4 17. Ne1 h6 18. e4 hxg5 19. exf5 Qxf5 20. Qxf5 gxf5 21. Rxf5
Re5 22. Rf1 Re3 23. Bf3 g4 24. Bd1 f5 25. Ng2 Re5 26. Nb5 Na6 27. Nh4 f4 28.
Ng6 fxg3 29. Nxe5 gxh2+ 30. Kg2 Bxe5 31. Bxg4 Ng3 32. Be6+ Kh8 33. Rf7 h1=Q+
34. Rxh1+ Nxh1 35. Kxh1 c6 36. Nc3 Nc5 37. Bf5 Kg8 38. Rc7 Rf8 39. Bc8 Rf7 40.
Rxf7 Kxf7 41. Bxb7 cxd5 42. Bxd5+ Ke7 43. Nd1 Na4 44. b3 Nc3 45. Nxc3 Bxc3 46.
a3 Bb2 47. b4 a4 48. Bc6 Bxa3 49. Bxa4 1/2-1/2

[Event "40 Nezhmetdinov Memorial"]
[Site "Kazan"]
[Date "2018.09.17"]
[Round "5.30"]
[White "Yakimova, Mariya"]
[Black "Anchutin, Nikita"]
[Result "1/2-1/2"]
[WhiteElo "1882"]
[BlackElo "2221"]
[PlyCount "95"]
[EventDate "2018.09.13"]

1. d4 Nf6 2. c4 e6 3. g3 d5 4. Nf3 dxc4 5. Bg2 Bb4+ 6. Bd2 c5 7. Bxb4 cxb4 8.
Ne5 O-O 9. Nxc4 Nc6 10. e3 e5 11. dxe5 Qxd1+ 12. Kxd1 Ng4 13. Ke2 Ngxe5 14.
Nxe5 Nxe5 15. Nd2 Bg4+ 16. Nf3 Rfd8 17. Rhd1 Rac8 18. Rxd8+ Rxd8 19. Rc1 Nc6
20. h3 Be6 21. b3 Bf5 22. Ne1 h5 23. Bf3 Bxh3 24. Bxh5 Bf5 25. Bf3 Rd6 26. Bxc6
bxc6 27. Rc5 Bb1 28. Ra5 Rd7 29. Nf3 Bd3+ 30. Ke1 Bb5 31. Nd4 a6 32. f4 Kf8 33.
Nc2 c5 34. a3 c4 35. Nd4 cxb3 36. Kd2 Rc7 37. Nxb3 Rc3 38. Nd4 Rxa3 39. Rxa3
bxa3 40. Kc3 a2 41. Kb2 Bc4 42. e4 g6 43. g4 Ke7 44. g5 Bd3 45. Nc6+ Kf8 46. f5
Bxe4 47. fxg6 Bxc6 48. gxf7 1/2-1/2

[Event "40 Nezhmetdinov Memorial"]
[Site "Kazan"]
[Date "2018.09.17"]
[Round "5.31"]
[White "Pogorelskikh, Sergey"]
[Black "Garifullina, Leya"]
[Result "1/2-1/2"]
[WhiteElo "2202"]
[BlackElo "2053"]
[PlyCount "82"]
[EventDate "2018.09.13"]

1. e4 c5 2. Nc3 d6 3. f4 e6 4. Nf3 Nc6 5. g3 g6 6. Bg2 Bg7 7. O-O Nge7 8. d3
O-O 9. Be3 Nd4 10. Rb1 Qa5 11. a3 Nec6 12. Nh4 Bd7 13. Ne2 Qa4 14. Nxd4 cxd4
15. Bd2 f5 16. c4 Qxd1 17. Rbxd1 fxe4 18. Bxe4 Bf6 19. Ng2 a6 20. Rc1 Rab8 21.
a4 Rfc8 22. Rc2 Ne7 23. b3 d5 24. Bf3 dxc4 25. dxc4 b5 26. axb5 axb5 27. Ne1
bxc4 28. bxc4 Ba4 29. Rc1 Rb2 30. Rf2 Nf5 31. Nd3 Rc2 32. Ra1 R2xc4 33. Nb2 d3
34. Nxc4 Rxc4 35. Ra3 Bd4 36. Rxd3 Bxf2+ 37. Kxf2 Rd4 38. Rxd4 Nxd4 39. Bg4 h5
40. Bh3 Kf7 41. Bc3 Nf5 1/2-1/2

[Event "40 Nezhmetdinov Memorial"]
[Site "Kazan"]
[Date "2018.09.17"]
[Round "5.32"]
[White "Ismailov, Amir"]
[Black "Yangutov, Aleksey"]
[Result "0-1"]
[WhiteElo "1716"]
[BlackElo "2159"]
[PlyCount "100"]
[EventDate "2018.09.13"]

1. Nf3 Nf6 2. c4 e6 3. Nc3 Be7 4. d4 d5 5. e3 O-O 6. Be2 Nbd7 7. O-O a6 8. a3
dxc4 9. Bxc4 b5 10. Bd3 c5 11. Ne4 cxd4 12. Nxd4 Bb7 13. Nxf6+ Nxf6 14. b4 Qd5
15. f3 Rfd8 16. Bb2 e5 17. Nf5 Bf8 18. Be4 Nxe4 19. Qxd5 Bxd5 20. fxe4 Bc4 21.
Rf3 f6 22. Rg3 Kf7 23. Rc1 Rd7 24. Rf3 Rad8 25. h3 Rd1+ 26. Rxd1 Rxd1+ 27. Kh2
Rd2 28. Bc3 Ra2 29. Ng3 Ke6 30. Rf5 g6 31. Rf3 Rxa3 32. Be1 Rb3 33. Nf1 Bxf1
34. Rxf1 Rb1 35. Kg1 Bxb4 36. Bxb4 Rxb4 37. Ra1 Ra4 38. Rc1 Rc4 39. Ra1 Rc6 40.
Kf2 Kd6 41. Rd1+ Kc7 42. g4 g5 43. h4 gxh4 44. Rh1 b4 45. Rxh4 b3 46. Rxh7+ Kb6
47. Rh8 Kb5 48. Rd8 b2 49. Rd5+ Ka4 50. Rd1 Rc1 0-1

[Event "40 Nezhmetdinov Memorial"]
[Site "Kazan"]
[Date "2018.09.17"]
[Round "5.33"]
[White "Doroshenko, Diana"]
[Black "Makov, Artem"]
[Result "1-0"]
[WhiteElo "2122"]
[BlackElo "1818"]
[PlyCount "65"]
[EventDate "2018.09.13"]

1. e4 c5 2. Nf3 Nc6 3. Bb5 g6 4. Bxc6 bxc6 5. O-O Bg7 6. Re1 Nh6 7. c3 O-O 8.
d4 cxd4 9. cxd4 d5 10. e5 f6 11. exf6 exf6 12. h3 Nf7 13. Bf4 Qb6 14. Qd2 a5
15. Nc3 a4 16. Re7 Ra7 17. Rxa7 Qxa7 18. Qd1 a3 19. b3 Re8 20. Rc1 Ba6 21. Ne1
f5 22. Nf3 Qe7 23. Qd2 Nd6 24. Ne5 Ne4 25. Nxe4 dxe4 26. Nxc6 Qd7 27. Nb8 Qa7
28. Rc7 Qa8 29. Be5 Bxe5 30. dxe5 e3 31. Qd7 exf2+ 32. Kxf2 Rxe5 33. Qg7# 1-0

[Event "40 Nezhmetdinov Memorial"]
[Site "Kazan"]
[Date "2018.09.17"]
[Round "5.34"]
[White "Filipenko, Alexander V"]
[Black "Kuzmin, Roman"]
[Result "1/2-1/2"]
[WhiteElo "2245"]
[BlackElo "2053"]
[PlyCount "44"]
[EventDate "2018.09.13"]

1. e4 c5 2. Nf3 e6 3. d4 cxd4 4. Nxd4 a6 5. c4 Nf6 6. Nc3 Qc7 7. Be2 Bb4 8. Qd3
Nc6 9. Nxc6 dxc6 10. a3 Bd6 11. Be3 O-O 12. Rd1 Be5 13. Bc5 Re8 14. Bd6 Bxd6
15. Qxd6 Qxd6 16. Rxd6 e5 17. O-O Be6 18. Rfd1 Kf8 19. f3 Ke7 20. Kf2 Rad8 21.
Rxd8 Rxd8 22. Rxd8 Kxd8 1/2-1/2

[Event "40 Nezhmetdinov Memorial"]
[Site "Kazan"]
[Date "2018.09.17"]
[Round "5.35"]
[White "Ismagilov, Igor"]
[Black "Zhafyarov, Adel"]
[Result "0-1"]
[WhiteElo "1952"]
[BlackElo "2202"]
[PlyCount "136"]
[EventDate "2018.09.13"]

1. d4 d5 2. Bf4 Nf6 3. e3 c5 4. c3 Nc6 5. Bd3 Qb6 6. Qc1 Bg4 7. Nd2 e6 8. h3
Bh5 9. Ngf3 Be7 10. O-O O-O 11. Ne5 Rac8 12. g4 Bg6 13. Bxg6 hxg6 14. g5 Nh5
15. Nd7 Qd8 16. Nxf8 Kxf8 17. Nf3 Nxf4 18. exf4 cxd4 19. Qd2 dxc3 20. bxc3 Bd6
21. Nd4 Na5 22. Rfe1 Nc4 23. Qc1 Kg8 24. Rb1 b6 25. Kg2 a6 26. h4 Qc7 27. Ne2
b5 28. Rh1 e5 29. fxe5 Bxe5 30. Re1 Qd7 31. f3 Bb8 32. Nd4 Qd6 33. f4 Qd7 34.
Kg3 Nd6 35. Qc2 Ne4+ 36. Rxe4 dxe4 37. Rd1 Qe7 38. Re1 e3 39. Qd3 Qc7 40. Qxe3
Qxc3 41. Kf3 Kf8 42. Qxc3 Rxc3+ 43. Ke4 Ba7 44. Nb3 Ke7 45. f5 gxf5+ 46. Kxf5+
Re3 47. Rc1 Bb6 48. Rc8 g6+ 49. Kf4 Re2 50. Rc6 Re6 51. Rc2 a5 52. Nc5 Bxc5 53.
Rxc5 Re2 54. Rxb5 Rxa2 55. Rb7+ Ke6 56. Rb6+ Kd5 57. Ke3 Rc2 58. Kd3 Rc5 59.
Rb7 Ke6 60. Rb6+ Kf5 61. Kd4 Rc1 62. Rb5+ Kg4 63. Rxa5 Kxh4 64. Ke4 Rf1 65. Ke3
Kg4 66. Ke4 Rf4+ 67. Ke3 Rf5 68. Ra2 Kxg5 0-1

[Event "40 Nezhmetdinov Memorial"]
[Site "Kazan"]
[Date "2018.09.17"]
[Round "5.36"]
[White "Maneluk, Daniil"]
[Black "Pogorelskikh, Sofia"]
[Result "1-0"]
[WhiteElo "2170"]
[BlackElo "2037"]
[PlyCount "85"]
[EventDate "2018.09.13"]

1. e4 c5 2. Nf3 d6 3. d4 cxd4 4. Nxd4 Nf6 5. Nc3 a6 6. f3 e5 7. Nb3 h5 8. Be3
Be6 9. Qd2 Nbd7 10. Nd5 Bxd5 11. exd5 Rc8 12. c4 b6 13. Be2 Be7 14. O-O O-O 15.
Nc1 a5 16. a4 Nc5 17. b4 axb4 18. Qxb4 Ra8 19. Nb3 Nfd7 20. Nxc5 Nxc5 21. Rfb1
Rb8 22. Qa3 Bg5 23. Bxc5 bxc5 24. a5 Bd2 25. a6 Bb4 26. a7 Ra8 27. Qa6 Qe7 28.
Qb6 Rfd8 29. Ra6 Qg5 30. Qb7 Qh6 31. Rb6 Qe3+ 32. Kf1 Bc3 33. R6b3 Qd2 34. Rd1
Qe3 35. Ra3 e4 36. Qb3 exf3 37. Bxf3 Qe5 38. Qxc3 Qxh2 39. Be2 Re8 40. Qh3 Qf4+
41. Qf3 Qh2 42. Qxh5 Qf4+ 43. Rf3 1-0

[Event "40 Nezhmetdinov Memorial"]
[Site "Kazan"]
[Date "2018.09.17"]
[Round "5.37"]
[White "Kozlov, Denis"]
[Black "Novikov, Roman"]
[Result "1/2-1/2"]
[WhiteElo "2164"]
[BlackElo "1992"]
[PlyCount "96"]
[EventDate "2018.09.13"]

1. d4 Nf6 2. c4 c5 3. d5 b5 4. Nf3 g6 5. cxb5 a6 6. e3 d6 7. Nc3 Bg7 8. a4 O-O
9. e4 axb5 10. Bxb5 Ba6 11. Bg5 h6 12. Bd2 Nbd7 13. Qe2 Qa5 14. O-O Rfb8 15. h3
Ne8 16. Ra3 Qb6 17. Rb3 Nc7 18. Be3 Bxb5 19. axb5 Ra5 20. Nd2 Nxb5 21. Nxb5
Rxb5 22. Nc4 Qb7 23. Ra3 Ne5 24. Nxe5 Bxe5 25. Bxh6 Rxb2 26. Qg4 Rb1 27. g3 c4
28. h4 Rxf1+ 29. Kxf1 Qc8 30. Qxc8+ Rxc8 31. Ke2 Rb8 32. Ra2 c3 33. Rc2 Rb4 34.
Ke3 Kh7 35. Bg5 f6 36. Bf4 Bxf4+ 37. Kxf4 Rb3 38. Ke3 Kg7 39. Kd3 Rb4 40. Rxc3
Rb7 41. Ke3 Kf7 42. Kf4 Kg7 43. Rc8 Rb2 44. Rc7 Kf7 45. f3 Rh2 46. Ra7 Rh1 47.
Kg4 Re1 48. Ra8 Kg7 1/2-1/2

[Event "40 Nezhmetdinov Memorial"]
[Site "Kazan"]
[Date "2018.09.17"]
[Round "5.38"]
[White "Bulatova, Kamaliya"]
[Black "Nikitin, Georgy"]
[Result "0-1"]
[WhiteElo "2137"]
[BlackElo "1763"]
[PlyCount "100"]
[EventDate "2018.09.13"]

1. d4 Nf6 2. c4 e6 3. Nc3 d5 4. cxd5 exd5 5. Bg5 Nbd7 6. e3 c6 7. Qc2 Be7 8.
Bd3 O-O 9. Nge2 h6 10. Bh4 b5 11. O-O a5 12. f3 Nb6 13. Bf2 Bb7 14. Nf4 Qb8 15.
Bg3 Qa7 16. Qf2 b4 17. Nce2 c5 18. dxc5 Bxc5 19. Nd4 Nc4 20. Rfc1 Ne5 21. Bb1
Rfe8 22. Kh1 Nc4 23. Nd3 Bb6 24. Bf4 Nh5 25. Qc2 Nxe3 26. Bxe3 Bxd4 27. Bxd4
Qxd4 28. Nc5 Qh4 29. Qh7+ Kf8 30. Be4 Ng3+ 31. Kg1 Ne2+ 32. Kf1 Nxc1 33. Qh8+
Ke7 34. Qxg7 Qf6 35. Qxf6+ Kxf6 36. Nxb7 dxe4 37. Rxc1 exf3 38. gxf3 Re5 39.
Nd6 Ra6 40. Ne4+ Kg6 41. Rc8 b3 42. Nc5 Rd6 43. Nxb3 a4 44. Nc5 Rd1+ 45. Kf2
Rc1 46. Rc6+ Kh5 47. Nd3 Rxc6 48. Nxe5 Rc2+ 49. Kg3 Rxb2 50. h4 Rxa2 0-1

[Event "40 Nezhmetdinov Memorial"]
[Site "Kazan"]
[Date "2018.09.17"]
[Round "5.39"]
[White "Grekhov, Luka"]
[Black "Martynyuk, Elizaveta"]
[Result "1/2-1/2"]
[WhiteElo "1914"]
[BlackElo "2078"]
[PlyCount "100"]
[EventDate "2018.09.13"]

1. e4 c5 2. Nf3 Nc6 3. Bb5 d6 4. O-O Bd7 5. Re1 Nf6 6. c3 a6 7. Bf1 Bg4 8. h3
Bh5 9. g4 Bg6 10. d4 e6 11. d5 Ne5 12. dxe6 Nxf3+ 13. Qxf3 fxe6 14. Bg5 Be7 15.
e5 dxe5 16. Qxb7 O-O 17. Nd2 h6 18. Bxf6 Bxf6 19. Nc4 Bh4 20. Re2 Qg5 21. f3
Rab8 22. Qxa6 Rxf3 23. Qxe6+ Bf7 24. Qxe5 Bxc4 25. Qxb8+ Kh7 26. Qe5 Qg6 27.
Qe4 Bxe2 28. Qxg6+ Kxg6 29. Bxe2 Rxh3 30. Rd1 Re3 31. Kf1 Re6 32. Rd5 Rb6 33.
b3 Rf6+ 34. Kg1 Be1 35. c4 Bf2+ 36. Kg2 Bd4 37. Bd3+ Kf7 38. Rf5 Rxf5 39. Bxf5
Kf6 40. Bc8 Ke5 41. Kf3 g6 42. Bb7 h5 43. gxh5 gxh5 44. Ke2 Kf4 45. Kd3 Bb2 46.
a4 Be5 47. a5 Bc7 48. a6 Bb6 49. Kc3 Ke5 50. Bc6 h4 1/2-1/2

[Event "40 Nezhmetdinov Memorial"]
[Site "Kazan"]
[Date "2018.09.17"]
[Round "5.40"]
[White "Garmash, Aliona"]
[Black "Kurinov, Mikhail"]
[Result "1-0"]
[WhiteElo "2067"]
[BlackElo "1766"]
[PlyCount "71"]
[EventDate "2018.09.13"]

1. d4 Nf6 2. Nf3 g6 3. c4 Bg7 4. Nc3 d5 5. Bf4 O-O 6. h3 c5 7. dxc5 Qa5 8. Rc1
dxc4 9. e3 Qxc5 10. Qa4 Be6 11. Ng5 Bd5 12. Nxd5 Nxd5 13. Bxc4 Nb6 14. Bxf7+
Rxf7 15. Qe8+ Rf8 16. Qxf8+ Kxf8 17. Rxc5 Bxb2 18. Ne6+ Kf7 19. Ng5+ Kf6 20.
Nxh7+ Kg7 21. Ng5 Na6 22. Rb5 Bf6 23. O-O Rc8 24. Nf3 Rc2 25. a4 Nc7 26. Rb3
Nxa4 27. Rxb7 Ne6 28. Rxa7 Nac5 29. Be5 Kf7 30. g4 Rc4 31. Bxf6 Kxf6 32. Rd1 g5
33. Rd5 Rc1+ 34. Kg2 Rc2 35. Rf5+ Kg6 36. Rxe7 1-0

[Event "40 Nezhmetdinov Memorial"]
[Site "Kazan"]
[Date "2018.09.17"]
[Round "5.41"]
[White "Norkin, Yaks"]
[Black "Gavrilin, Roman"]
[Result "0-1"]
[WhiteElo "1752"]
[BlackElo "2054"]
[PlyCount "120"]
[EventDate "2018.09.13"]

1. e4 e5 2. Nf3 Nc6 3. d4 exd4 4. Nxd4 Nf6 5. Nxc6 bxc6 6. Bd3 d5 7. exd5 cxd5
8. Qe2+ Be7 9. O-O O-O 10. Nc3 c6 11. Bf4 Re8 12. Qf3 Bd6 13. Bxd6 Qxd6 14. h3
Be6 15. Rfd1 h6 16. Ne2 c5 17. Ng3 Rab8 18. b3 Qc7 19. Nf5 Bxf5 20. Bxf5 Re5
21. Re1 Rbe8 22. Rxe5 Qxe5 23. Rd1 g6 24. Bd3 Kg7 25. g3 Qc3 26. Qf4 Rc8 27.
Qd2 Qxd2 28. Rxd2 Rc7 29. Kg2 Kf8 30. Kf3 Ke7 31. g4 Kd6 32. h4 Nd7 33. Kf4 Nf8
34. Bc4 Ne6+ 35. Kg3 Nd4 36. Bf1 Re7 37. c3 Re1 38. Ba6 Rg1+ 39. Kf4 g5+ 40.
hxg5 hxg5+ 41. Ke3 Re1+ 42. Kd3 Nf3 43. Re2 Ne5+ 44. Kd2 Ra1 45. a4 Nxg4 46. f3
Ne5 47. Ke3 Rb1 48. f4 gxf4+ 49. Kxf4 Ng6+ 50. Kg5 Rxb3 51. Kf6 Rxc3 52. Kxf7
Ne5+ 53. Ke8 Rg3 54. Kf8 c4 55. Rh2 c3 56. Rh6+ Ng6+ 57. Kf7 c2 58. Rh1 Ne5+
59. Kf6 Rc3 60. Rc1 d4 0-1

[Event "40 Nezhmetdinov Memorial"]
[Site "Kazan"]
[Date "2018.09.17"]
[Round "5.43"]
[White "Nikolaev, Matvei"]
[Black "Emelianov, Fedor"]
[Result "0-1"]
[WhiteElo "1807"]
[BlackElo "2124"]
[PlyCount "76"]
[EventDate "2018.09.13"]

1. e4 Nf6 2. e5 Nd5 3. d4 d6 4. c4 Nb6 5. Nf3 g6 6. Be2 Bg7 7. O-O O-O 8. Bf4
Nc6 9. exd6 cxd6 10. h3 Bf5 11. Nc3 d5 12. c5 Nc8 13. Ne5 f6 14. Nxc6 bxc6 15.
Qa4 e5 16. Bh2 Ne7 17. Rfe1 a5 18. dxe5 fxe5 19. Bg4 Qb8 20. Bxf5 gxf5 21. Ne2
f4 22. Nd4 Qc8 23. Re2 Ra7 24. Rae1 Rf7 25. Nf3 e4 26. Nd4 Rf6 27. Kh1 Qd7 28.
f3 e3 29. Nb3 Ng6 30. Nc1 Qf5 31. Rd1 Ne5 32. Rd4 Bh6 33. Qb3 Rg7 34. Nd3 Nxf3
35. Rxd5 cxd5 36. gxf3 Qxh3 37. Qxd5+ Rff7 38. Qd8+ Rf8 0-1

[Event "40 Nezhmetdinov Memorial"]
[Site "Kazan"]
[Date "2018.09.17"]
[Round "5.44"]
[White "Mochalin, Faddey"]
[Black "Kopylov, Artem"]
[Result "0-1"]
[WhiteElo "2100"]
[BlackElo "1779"]
[PlyCount "170"]
[EventDate "2018.09.13"]

1. e4 c5 2. Nf3 e6 3. d4 cxd4 4. Nxd4 Nf6 5. Nc3 d6 6. Be3 Be7 7. f3 Nc6 8. Qd2
a6 9. O-O-O Qc7 10. g4 Nd7 11. Kb1 Na5 12. f4 Nb6 13. b3 Nd7 14. Bg2 Rb8 15.
Rhe1 O-O 16. g5 b5 17. h4 Bb7 18. f5 Rfc8 19. Ncxb5 axb5 20. Nxb5 Qd8 21. f6
Bf8 22. fxg7 Bxg7 23. Qxd6 Qf8 24. Qxf8+ Nxf8 25. Nd6 Rc6 26. Rf1 Ba6 27. Rf2
Rc7 28. Bf1 Bc8 29. Bf4 e5 30. Be3 Be6 31. Rc1 Rc6 32. Rd2 Nd7 33. Rcd1 Nc5 34.
Bxc5 Rxc5 35. c4 Bf8 36. Kc1 Bg4 37. Be2 Bxe2 38. Rxe2 Rd8 39. Red2 Rc6 40. Nf5
Ra8 41. Rd8 Rca6 42. Rxa8 Rxa8 43. Kb2 Nc6 44. Kb1 Rd8 45. Rd5 Bb4 46. a4 Kf8
47. Kc2 Ke8 48. Kd3 Bc5 49. Ng7+ Kf8 50. Rxd8+ Nxd8 51. Nh5 Nc6 52. Nf6 Kg7 53.
Kc3 Bb4+ 54. Kb2 Kg6 55. h5+ Kxg5 56. Nxh7+ Kxh5 57. Nf6+ Kg5 58. Nd5 Ba5 59.
Ka3 f5 60. exf5 Kxf5 61. b4 Bd8 62. b5 Ne7 63. Nc3 Ba5 64. Nd1 Ke4 65. c5 Nd5
66. c6 Ne3 67. Nf2+ Kf3 68. Nd3 e4 69. Nc5 Nc4+ 70. Kb3 Nd6 71. Nb7 e3 72. Nxa5
e2 73. Nc4 e1=Q 74. Nxd6 Qe6+ 75. Nc4 Ke4 76. Kc3 Qh3+ 77. Kb4 Kd4 78. Ka5 Kxc4
79. Kb6 Qc8 80. Ka7 Kc5 81. c7 Qxc7+ 82. Ka8 Qa5+ 83. Kb7 Qxa4 84. b6 Qa5 85.
Kc8 Qxb6 0-1

[Event "40 Nezhmetdinov Memorial"]
[Site "Kazan"]
[Date "2018.09.17"]
[Round "5.45"]
[White "Efremov, Vladislav"]
[Black "Fonichkin, Egor"]
[Result "1-0"]
[WhiteElo "2095"]
[BlackElo "1692"]
[PlyCount "105"]
[EventDate "2018.09.13"]

1. d4 d6 2. c4 e5 3. Nc3 exd4 4. Qxd4 Nc6 5. Qd2 Be6 6. b3 Be7 7. e4 f5 8. Bd3
fxe4 9. Bxe4 Nf6 10. Bxc6+ bxc6 11. Nge2 O-O 12. O-O Bd7 13. Bb2 Ng4 14. h3 Ne5
15. Ne4 Bf6 16. f4 Ng6 17. Bxf6 gxf6 18. f5 Ne5 19. N2g3 Be8 20. Rae1 Qe7 21.
Qc3 Kh8 22. c5 Rg8 23. cxd6 cxd6 24. Kh2 Rd8 25. Rf2 Qg7 26. Nf1 d5 27. Nxf6 d4
28. Qa5 Nf3+ 29. Kh1 Qxf6 30. Rxf3 Rd5 31. Qxa7 Bh5 32. Re7 Rg7 33. Rxg7 Qxg7
34. Qb8+ Qg8 35. Qxg8+ Kxg8 36. g4 Bf7 37. Rd3 c5 38. Ng3 Re5 39. Kg1 Be8 40.
Kf2 h5 41. b4 h4 42. Ne2 Bb5 43. Rd2 d3 44. Nc3 c4 45. a4 Bd7 46. b5 Re8 47.
Rb2 Bc8 48. Rb4 d2 49. Rxc4 Rd8 50. Ke3 Ba6 51. bxa6 d1=N+ 52. Nxd1 Rxd1 53. a7
1-0

[Event "40 Nezhmetdinov Memorial"]
[Site "Kazan"]
[Date "2018.09.17"]
[Round "5.46"]
[White "Razhbadinov, Rasul"]
[Black "Vorobiev, Sergey"]
[Result "0-1"]
[WhiteElo "1516"]
[BlackElo "2092"]
[PlyCount "76"]
[EventDate "2018.09.13"]

1. e4 e5 2. Nf3 Nc6 3. Bb5 a6 4. Ba4 Nf6 5. O-O b5 6. Bb3 Be7 7. Re1 d6 8. c3
O-O 9. d3 Na5 10. Bc2 c5 11. Nbd2 Re8 12. Nf1 Bf8 13. Bg5 h6 14. Bh4 Be7 15.
Ne3 Be6 16. d4 Ng4 17. Bxe7 Qxe7 18. Nf5 Bxf5 19. exf5 Qc7 20. d5 Nf6 21. b3
Qd7 22. Nd2 Nxd5 23. Qf3 Nf6 24. Ne4 Nxe4 25. Bxe4 Rac8 26. Qh5 Qe7 27. Rad1
Nc6 28. Rd3 Qf6 29. Red1 Red8 30. g4 d5 31. Bxd5 e4 32. Bxe4 Ne5 33. R3d2 Rxd2
34. Rxd2 Rd8 35. Rxd8+ Qxd8 36. Kg2 c4 37. Qh3 Nd3 38. f6 Nf4+ 0-1

[Event "40 Nezhmetdinov Memorial"]
[Site "Kazan"]
[Date "2018.09.17"]
[Round "5.47"]
[White "Pingin, Artem"]
[Black "Zaripova, Arina"]
[Result "1-0"]
[WhiteElo "2019"]
[BlackElo "1752"]
[PlyCount "67"]
[EventDate "2018.09.13"]

1. e4 c5 2. Nf3 d6 3. d4 cxd4 4. Nxd4 Nf6 5. Nc3 a6 6. h3 e5 7. Nde2 h5 8. Bg5
Be6 9. Bxf6 Qxf6 10. Nd5 Qd8 11. Nec3 Nc6 12. Bc4 b5 13. Bb3 Nd4 14. O-O Nxb3
15. axb3 Bxd5 16. Qxd5 Be7 17. Qc6+ Kf8 18. Rxa6 Rxa6 19. Qxa6 b4 20. Nd5 g6
21. Nxb4 Kg7 22. Nd5 Bg5 23. Rd1 Re8 24. Qd3 Qb8 25. b4 Rc8 26. c3 Bd8 27. Qa6
Bg5 28. Qb6 Bd8 29. Qxb8 Rxb8 30. Ra1 Kf8 31. Ra6 Be7 32. b5 Ke8 33. b6 Rb7 34.
Ra7 1-0